000 00208 a2200097 4500
001 19863
100 _aFelker C A
245 _aMachine-shop technology
260 _a
_bBruce Pub Co
_c
090 _c14485
_d14485
942 _aNUST-CAE
_cM
_c4986
999 _c254936
_d254936